000
00320nam a22001337a 4500
008
250811b |||||||| |||| 00| 0 eng d
020
_a
0060452293
050
_a
HD 30.25
_b
.P56
100
_a
LEEM SANG
245
_a
MANAGEMENT SCIENCE
260
_a
UNITED STATES
_b
WILLIAM E PINNEY
_c
1987
300
_a
620p.
942
_c
BK
999
_c
4451
_d
4451